| 000 | 00656cas a22002055a 4500 | ||
|---|---|---|---|
| 001 | L137 | ||
| 008 | 070627d19282003au qr p 0 a0eng | ||
| 022 | 1 | _a0005-0326 | |
| 035 | _a(Sirsi) u98774 | ||
| 041 | 0 | _aeng | |
| 110 | 2 |
_aInstitution of Surveyors Australia _92571 |
|
| 245 | 0 | 4 |
_aThe Australian Surveyor _bThe Journal of the Institution of Surveyors, Australia inc. |
| 260 |
_aDeakin _bInstitution of Surveyors, Australia inc. _c1928-2003 |
||
| 362 | 0 | _a3(1) March 1931-45(1) June 2000 | |
| 554 | _aFour per year | ||
| 651 | 4 | _aAustralia | |
| 690 | _aMANAGEMENT-BUSINESS MANAGEMENT-PROFESSIONAL PRACTICE | ||
| 942 | _n0 | ||
| 948 | _c09/03/1994 | ||
| 999 |
_c118521 _d118521 |
||